<?xml version="1.0" encoding="UTF-8"?><?xml-stylesheet type="text/xsl" href="static/style.xsl"?><OAI-PMH xmlns="http://www.openarchives.org/OAI/2.0/" xmlns:xsi="http://www.w3.org/2001/XMLSchema-instance" xsi:schemaLocation="http://www.openarchives.org/OAI/2.0/ http://www.openarchives.org/OAI/2.0/OAI-PMH.xsd"><responseDate>2026-06-07T05:20:25Z</responseDate><request verb="GetRecord" identifier="oai:riuma.uma.es:10630/34532" metadataPrefix="marc">https://riuma.uma.es/rest/oai/request</request><GetRecord><record><header><identifier>oai:riuma.uma.es:10630/34532</identifier><datestamp>2026-02-03T11:05:23Z</datestamp><setSpec>com_10630_2254</setSpec><setSpec>col_10630_37953</setSpec></header><metadata><record xmlns="http://www.loc.gov/MARC21/slim" xmlns:dcterms="http://purl.org/dc/terms/" xmlns:doc="http://www.lyncode.com/xoai" xmlns:xsi="http://www.w3.org/2001/XMLSchema-instance" xsi:schemaLocation="http://www.loc.gov/MARC21/slim http://www.loc.gov/standards/marcxml/schema/MARC21slim.xsd">
   <leader>00925njm 22002777a 4500</leader>
   <datafield ind2=" " ind1=" " tag="042">
      <subfield code="a">dc</subfield>
   </datafield>
   <datafield ind2=" " ind1=" " tag="720">
      <subfield code="a">Gumma Serra, Elsa</subfield>
      <subfield code="e">author</subfield>
   </datafield>
   <datafield ind2=" " ind1=" " tag="720">
      <subfield code="a">Castilla-Mora, María Rosario</subfield>
      <subfield code="e">author</subfield>
   </datafield>
   <datafield ind2=" " ind1=" " tag="260">
      <subfield code="c">2017</subfield>
   </datafield>
   <datafield ind2=" " ind1=" " tag="520">
      <subfield code="a">Las personas mayores, a menudo son vistas en la sociedad occidental como agentes pasivos de su propia realidad. El presente trabajo, propone conocer el envejecimiento desde una perspectiva 2.0. Así, ha observado a los mayores como entes participativos de su propio cambio, forzado en parte por un fallo sistémico del Estado de Bienestar, que ha contribuido a promover ideas de cambio en quienes no quieren dejar en manos de decisiones externas su futuro y planean un envejecimiento activo formalizado en unas viviendas autogestionadas y rodeados de las personas que eligen. Durante más de dos años, se trabaja en la búsqueda y lectura de diversa bibliografía que muestre el recorrido de más de cinco décadas, que tiene el cohousing. Se contacta con diversos centros de dichas características y con residenciales, de forma personalizada cuando resulta posible, u online cuando las distancias geográficas imposibilitan un mayor acercamiento. El objetivo de este estudio, ha consistido en averiguar qué beneficios aporta este modo de convivencia a la sociedad, a los usuarios, e incluso a las instituciones y, asimismo, analizar cuál es la función del trabajador y trabajadora social, todavía incipiente especialmente en nuestro país, en estos modelos convivenciales.</subfield>
   </datafield>
   <datafield ind1="8" ind2=" " tag="024">
      <subfield code="a">Gummà Serra E. y Castilla Mora M. R. (2017). Cohousing de personas mayores. Un recurso residencial emergente. Documentos de Trabajo Social, 59, 51-84</subfield>
   </datafield>
   <datafield ind1="8" ind2=" " tag="024">
      <subfield code="a">2173-8246</subfield>
   </datafield>
   <datafield ind1="8" ind2=" " tag="024">
      <subfield code="a">https://hdl.handle.net/10630/34532</subfield>
   </datafield>
   <datafield tag="653" ind2=" " ind1=" ">
      <subfield code="a">Trabajadores sociales</subfield>
   </datafield>
   <datafield tag="653" ind2=" " ind1=" ">
      <subfield code="a">Ancianos-Viviendas</subfield>
   </datafield>
   <datafield tag="653" ind2=" " ind1=" ">
      <subfield code="a">Ancianos-Residencias</subfield>
   </datafield>
   <datafield ind2="0" ind1="0" tag="245">
      <subfield code="a">Cohousing de personas mayores. Un recurso residencial emergente</subfield>
   </datafield>
</record>
</metadata></record></GetRecord></OAI-PMH>